000 00523nam a2200181 4500
001 117443
003 ES-MaACL
005 20230906190914.0
007 t|
008 070214s1972 sp r ||||1| spa d
100 1 _aPecheral, Jacques R.
_989845
245 1 0 _aBulevar del ron /
_cJacques R. Pecheral ; traducción M. Orta.
250 _a[1ª ed.].
260 _aBarcelona [etc.] :
_bBruguera,
_c1972.
300 _a333 p. ;
_c18 cm.
700 1 _aOrta Manzano, Mariano.
_987384
852 _aES-MaACL
_jC-43869
_bR.83283
999 _c117443
_d117443